SLOWING DOWN TO THE SPEED OF LIFE / (Record no. 615778)

000 -LEADER
fixed length control field 00357nam a22001337a 4500
020 ## - INTERNATIONAL STANDARD BOOK NUMBER
Qualifying information PB.
040 ## - CATALOGING SOURCE
Transcribing agency FIZZA ISHAQ
082 ## - DEWEY DECIMAL CLASSIFICATION NUMBER
Classification number 158
Author Mark RIC
100 ## - MAIN ENTRY--PERSONAL NAME
Personal name CARLSON,RICHARD.
9 (RLIN) 132723
245 ## - TITLE STATEMENT
Title SLOWING DOWN TO THE SPEED OF LIFE /
Statement of responsibility, etc. RICHARD CARLSON.
260 ## - PUBLICATION, DISTRIBUTION, ETC.
Place of publication, distribution, etc. NEW YORK;
Name of publisher, distributor, etc. HARPER SAN FRANCISCO,
Date of publication, distribution, etc. 1997.
300 ## - PHYSICAL DESCRIPTION
Extent 211 P. ;
Dimensions 7.9X5.1IN
942 ## - ADDED ENTRY ELEMENTS (KOHA)
Source of classification or shelving scheme
Koha item type Book
Holdings
Withdrawn status Lost status Source of classification or shelving scheme Damaged status Not for loan Permanent Location Current Location Shelving location Date acquired Total Checkouts Full call number Barcode Date last seen Price effective from Koha item type
          NUST Baluchistan Campus (NBC) NUST Baluchistan Campus (NBC) General Stacks 01/06/2026   158 RIC QD-913 01/06/2026 01/06/2026 Book
© 2023 Central Library, National University of Sciences and Technology. All Rights Reserved.